书目信息 |
| 题名: |
实用经贸俄语
|
|
| 作者: | 李德祥 , 朱燕 编著 | |
| 分册: | ||
| 出版信息: | 武汉 武汉大学出版社 2008.01 |
|
| 页数: | 285页 | |
| 开本: | 24cm | |
| 丛书名: | 21世纪实用经贸小语种丛书 | |
| 单 册: | ||
| 中图分类: | H35 | |
| 科图分类: | ||
| 主题词: | 经济--jing ji--俄语 | |
| 电子资源: | ||
| ISBN: | 978-7-307-06003-6 | |
| 000 | 01096nam 2200277 450 | |
| 001 | 012008145288 | |
| 005 | 20080808144629.82 | |
| 010 | @a978-7-307-06003-6@dCNY26.00 | |
| 100 | @a20080808d2008 em y0chiy0120 ea | |
| 101 | 0 | @achi@arus |
| 102 | @aCN@b420000 | |
| 105 | @ay a 000yy | |
| 106 | @ar | |
| 200 | 1 | @a实用经贸俄语@Ashi yong jing mao e yu@f李德祥, 朱燕编著@Fli de xiang,zhu yan bian zhu |
| 210 | @a武汉@c武汉大学出版社@d2008.01 | |
| 215 | @a285页@d24cm | |
| 225 | 2 | @a21世纪实用经贸小语种丛书@A21 shi ji shi yong jing mao xiao yu zhong cong shu |
| 320 | @a有书目 (第284-285页) | |
| 330 | @a本教材既照顾外贸专业知识传授的需要,同时又充分考虑俄语语言知识学习的特点,每一章的各个组成部分,特别是正文以外的练习及其他部分,均含有大量的经贸语言知识学习和训练材料,不仅完全可以满足学生课内学习的需求,而且也为课外自学留有较大的空间。 | |
| 410 | 0 | @12001 @a21世纪实用经贸小语种丛书 |
| 606 | 0 | @a经济@Ajing ji@x俄语 |
| 690 | @aH35@v4 | |
| 701 | 0 | @a李德祥@Ali de xiang@4编著 |
| 701 | 0 | @a朱燕@Azhu yan@4编著 |
| 801 | 0 | @aCN@bQSSK@c20080808 |
| 905 | @b732688-90@dH35@eL147@f3 | |
| 实用经贸俄语/李德祥, 朱燕编著.-武汉:武汉大学出版社,2008.01 |
| 285页;24cm.-(21世纪实用经贸小语种丛书) |
| ISBN 978-7-307-06003-6:CNY26.00 |
| 本教材既照顾外贸专业知识传授的需要,同时又充分考虑俄语语言知识学习的特点,每一章的各个组成部分,特别是正文以外的练习及其他部分,均含有大量的经贸语言知识学习和训练材料,不仅完全可以满足学生课内学习的需求,而且也为课外自学留有较大的空间。 |
| ● |
| 相关链接 |
|
|
|
正题名:实用经贸俄语
索取号:H35/L147
 
预约/预借
| 序号 | 登录号 | 条形码 | 馆藏地/架位号 | 状态 | 备注 |
| 1 | 732688 | 207326883 | 语言库209/209语言库 121排1列4层/ [索取号:H35/L147] | 在馆 | |
| 2 | 732689 | 207326892 | 语言库209/209语言库 121排1列4层/ [索取号:H35/L147] | 在馆 | |
| 3 | 732690 | 207326909 | 语言库209/209语言库 121排1列4层/ [索取号:H35/L147] | 在馆 |